000 00565cam a2200145 4500500
005 20251012032208.0
041 _afre
042 _adc
100 1 0 _aClerc, Louis
_eauthor
245 0 0 _aMarché du travail et guerre froide – Seppo Keränen et la politique économique du président finlandais Urho Kaleva Kekkonen
260 _c2011.
500 _a24
786 0 _nRevue d'histoire nordique | 11 | 1 | 2011-05-26 | p. 216-228 | 1778-9605
856 4 1 _uhttps://shs.cairn.info/revue-revue-d-histoire-nordique-2011-1-page-216?lang=fr&redirect-ssocas=7080
999 _c1546869
_d1546869